Région d'Allemagne et villes principales - Statistiques

Statistiques générales
  • Ce quiz a été pris 36 fois
  • Le résultat moyen est 7 sur 16
Statistiques - réponses
Hint Réponse % Correct
Berlin Berlin
81%
München Bayern
70%
Hamburg Hamburg
63%
Bremen Bremen
56%
Stuttgart Baden-Württemberg
48%
Saarbrücken Saarland
48%
Kiel Schleswig-Holstein
44%
Potsdam Brandenburg
41%
Dresden Sachsen
41%
Wiesbaden Hessen
37%
Magdeburg Sachsen-Anhalt
37%
Erfurt Thüringen
37%
Schwerin Mecklenburg-Vorpommern
33%
Hannover Niedersachsen
30%
Düsseldorf Nordrhein-Westfalen
30%
Mainz Rheinland-Pfalz
22%
Aucun quiz correspondant
Distribution des résultats
% des personnes avec chaque résultat
Percentile par nombre de réponses
Votre historique - résultats
Vous n’avez pas pris ce quiz